<?xml version="1.0" encoding="UTF-8"?><?xml-stylesheet type="text/xsl" href="static/style.xsl"?><OAI-PMH xmlns="http://www.openarchives.org/OAI/2.0/" xmlns:xsi="http://www.w3.org/2001/XMLSchema-instance" xsi:schemaLocation="http://www.openarchives.org/OAI/2.0/ http://www.openarchives.org/OAI/2.0/OAI-PMH.xsd"><responseDate>2026-06-30T05:13:25Z</responseDate><request verb="GetRecord" identifier="oai:riubu.ubu.es:10259/11841" metadataPrefix="marc">https://riubu.ubu.es/oai/request</request><GetRecord><record><header><identifier>oai:riubu.ubu.es:10259/11841</identifier><datestamp>2026-06-12T00:05:38Z</datestamp><setSpec>com_10259_6168</setSpec><setSpec>com_10259_5086</setSpec><setSpec>com_10259_2604</setSpec><setSpec>col_10259_6169</setSpec></header><metadata><record xmlns="http://www.loc.gov/MARC21/slim" xmlns:doc="http://www.lyncode.com/xoai" xmlns:xsi="http://www.w3.org/2001/XMLSchema-instance" xmlns:dcterms="http://purl.org/dc/terms/" xsi:schemaLocation="http://www.loc.gov/MARC21/slim http://www.loc.gov/standards/marcxml/schema/MARC21slim.xsd">
<leader>00925njm 22002777a 4500</leader>
<datafield tag="042" ind1=" " ind2=" ">
<subfield code="a">dc</subfield>
</datafield>
<datafield tag="720" ind1=" " ind2=" ">
<subfield code="a">Yousaf, Uzma</subfield>
<subfield code="e">author</subfield>
</datafield>
<datafield tag="720" ind1=" " ind2=" ">
<subfield code="a">Khan, Aqib Hassan Ali</subfield>
<subfield code="e">author</subfield>
</datafield>
<datafield tag="720" ind1=" " ind2=" ">
<subfield code="a">Farooqi, Asifa</subfield>
<subfield code="e">author</subfield>
</datafield>
<datafield tag="720" ind1=" " ind2=" ">
<subfield code="a">Muhammad, Yousaf Shad</subfield>
<subfield code="e">author</subfield>
</datafield>
<datafield tag="720" ind1=" " ind2=" ">
<subfield code="a">Barros García, Rocío</subfield>
<subfield code="e">author</subfield>
</datafield>
<datafield tag="720" ind1=" " ind2=" ">
<subfield code="a">Tamayo Ramos, Juan Antonio</subfield>
<subfield code="e">author</subfield>
</datafield>
<datafield tag="720" ind1=" " ind2=" ">
<subfield code="a">Iqbal, Mazhar</subfield>
<subfield code="e">author</subfield>
</datafield>
<datafield tag="720" ind1=" " ind2=" ">
<subfield code="a">Yousaf, Sohail</subfield>
<subfield code="e">author</subfield>
</datafield>
<datafield tag="720" ind1=" " ind2=" ">
<subfield code="a">Ali Khan, Aqib Hassan</subfield>
<subfield code="e">author</subfield>
</datafield>
<datafield tag="720" ind1=" " ind2=" ">
<subfield code="a">Barros, Rocío</subfield>
<subfield code="e">author</subfield>
</datafield>
<datafield tag="720" ind1=" " ind2=" ">
<subfield code="a">Tamayo-Ramos, Juan Antonio</subfield>
<subfield code="e">author</subfield>
</datafield>
<datafield tag="260" ind1=" " ind2=" ">
<subfield code="c">2022-01</subfield>
</datafield>
<datafield tag="520" ind1=" " ind2=" ">
<subfield code="a">The current study was dedicated to finding the effect of soil amendments (biochar and compost) on plants belonging to Poaceae and Fabaceae families. Plants selected for the phytoremediation experiment included wheat (Triticum aestivum), maize (Zea mays), white clover (Trifolium repens), alfalfa (Medicago sativa), and ryegrass (Lolium multiflorum). The physiological and microbial parameters of plants and soil were affected negatively by the 4 % TPHs soil contamination. The studied physiological parameters were fresh and dried biomass, root and shoot length, and chlorophyll content. Microbial parameters included root and shoot endophytic count. Soil parameters included rhizospheric CFUs and residual TPHs. Biochar with wheat, maize, and ryegrass (Fabaceae family) and compost with white clover and alfalfa (Poaceae family) improved plant growth parameters and showed better phytoremediation of TPHs. Among different plants, the highest TPH removal (68.5 %) was demonstrated by ryegrass with compost, followed by white clover with biochar (68 %). Without any soil amendment, ryegrass and alfalfa showed 59.55 and 35.21 % degradation of TPHs, respectively. Biochar and compost alone removed 27.24 % and 6.01 % TPHs, respectively. The interactive effect of soil amendment and plant type was also noted for studied parameters and TPHs degradation</subfield>
</datafield>
<datafield tag="024" ind2=" " ind1="8">
<subfield code="a">0045-6535</subfield>
</datafield>
<datafield tag="024" ind2=" " ind1="8">
<subfield code="a">https://hdl.handle.net/10259/11841</subfield>
</datafield>
<datafield tag="024" ind2=" " ind1="8">
<subfield code="a">10.1016/j.chemosphere.2021.131782</subfield>
</datafield>
<datafield ind1=" " ind2=" " tag="653">
<subfield code="a">Phytoremediation</subfield>
</datafield>
<datafield ind1=" " ind2=" " tag="653">
<subfield code="a">TPHs</subfield>
</datafield>
<datafield ind1=" " ind2=" " tag="653">
<subfield code="a">Poaceae plants</subfield>
</datafield>
<datafield ind1=" " ind2=" " tag="653">
<subfield code="a">Fabaceae plants</subfield>
</datafield>
<datafield ind1=" " ind2=" " tag="653">
<subfield code="a">Biochar</subfield>
</datafield>
<datafield ind1=" " ind2=" " tag="653">
<subfield code="a">Compost</subfield>
</datafield>
<datafield tag="245" ind1="0" ind2="0">
<subfield code="a">Interactive effect of biochar and compost with Poaceae and Fabaceae plants on remediation of total petroleum hydrocarbons in crude oil contaminated soil</subfield>
</datafield>
</record></metadata></record></GetRecord></OAI-PMH>